El delito de violación
Sparad:
| Huvudupphovsman: | |
|---|---|
| Materialtyp: | Bok |
| Språk: | spanska |
| Publicerad: |
Barcelona
Nereo
1962
|
| Ämnen: | |
| Taggar: |
Lägg till en tagg
Inga taggar, Lägg till första taggen!
|
MARC
| LEADER | 00000nam a2200000 a 4500 | ||
|---|---|---|---|
| 001 | UCS0279 | ||
| 003 | CL-VaPUC | ||
| 008 | 970418e19620000SP |||||||||||||||||spa|d | ||
| 082 | 0 | 4 | |a 364.153 |b MEN |2 21 |
| 100 | |a Mendoza Durán, José O. |e autor |9 383539 | ||
| 245 | 1 | 3 | |a El delito de violación |
| 300 | |a 179 p | ||
| 942 | |c BK | ||
| 945 | |d 19970418 00:00:00 |a paguirre | ||
| 260 | |a Barcelona |b Nereo |c 1962 | ||
| 650 | 0 | |a Delitos |9 224143 | |
| 650 | 7 | |a DERECHO PENAL |2 CL-VaPUC |9 11 | |
| 650 | 0 | |a Violación |9 383399 | |
| 650 | 0 | |a Delitos sexuales |9 256093 | |
| 650 | 7 | |a DELITOS CONTRA LAS PERSONAS |2 CL-VaPUC |9 256124 | |
| 583 | |a last modification |c 19970418 00:00:00 |k Rodrigo Vera | ||
| 999 | |c 258517 |d 258515 | ||
| 952 | |0 0 |1 0 |4 0 |6 364_153000000000000_MEN_1962 |7 0 |8 A |9 282683 |a BIBDER |b BIBDER |d 2019-11-19 |i 1833154 |o 364.153 MEN 1962 |p 1833154 |r 2023-01-25 |w 2019-11-19 |y BK |k DER | ||